000 00871cam a2200253 a 4500
001 000011872
005 20200929162611.0
008 730710s1973 nyua 001 0 fre d
020 _a0030070112
040 _aDO-SdBNP
_beng
_cLC
_dBNPHU
041 0 _afreeng
050 0 0 _aPC2129.E5
_bH37 1973
082 _a448/.3/421
_bH313b, 1973
100 1 _aHarris, Julian Earle,
_d1896-
_928056
245 1 0 _aBasic conversational French /
_cJulian Harris y André Lévêque.
250 _a5a ed.
260 _aNew York :
_bHolt, Rinehart and Winston,
_c1973.
300 _axvi, 454, lvi p. :
_bil. ;
_c24 cm.
650 0 _aFrench language
_xTextbooks for foreign speakers
_xEnglish.
_928057
650 0 _aFrench language
_xConversation and phrase books
_xEnglish.
_928058
700 1 _aLévêque, André,
_d1904-
_928059
910 _aCatalogación por copia / LC
049 _aBNGR
999 _c11544
_d11544